Vista normal
Vista MARC
Entrada Materia (geográfica)
Número de registros utilizados en: 1
001 - CONTROL NUMBER
- control field: 92869
003 - CONTROL NUMBER IDENTIFIER
- control field: Co-BoUCM
005 - DATE AND TIME OF LATEST TRANSACTION
- control field: 20180613090403.0
008 - FIXED-LENGTH DATA ELEMENTS
- fixed length control field: 180613|| aca||aabn | a|a d
040 ## - CATALOGING SOURCE
- Original cataloging agency: Co-BoUCM
- Transcribing agency: Co-BoUCM
151 ## - HEADING--GEOGRAPHIC NAME
- Geographic name: Zipaquirá, Cundinamarca (Colombia)
- General subdivision: Vida social y costumbres
670 ## - SOURCE DATA FOUND
- Source citation: Work cat.: (Co-BoUCM)310015: Sabana Centro, 2018